Satriya nrittya gita badyar hathputhi (Record no. 8370)

MARC details
000 -LEADER
fixed length control field 00571cam a2200229ua 4500
001 - CONTROL NUMBER
control field 9313
005 - DATE AND TIME OF LATEST TRANSACTION
control field 20260515114443.0
008 - FIXED-LENGTH DATA ELEMENTS--GENERAL INFORMATION
fixed length control field 150316n ii |||gr||||Z||||||asm
020 ## - INTERNATIONAL STANDARD BOOK NUMBER
International Standard Book Number 9789381139899
040 ## - CATALOGING SOURCE
Transcribing agency MAIN
041 ## - LANGUAGE CODE
Language code of text/sound track or separate title asm
082 ## - DEWEY DECIMAL CLASSIFICATION NUMBER
Classification number 394.3
100 ## - MAIN ENTRY--PERSONAL NAME
Personal name Mahanta, Jagannath,
Relator term Author.
245 12 - TITLE STATEMENT
Title Satriya nrittya gita badyar hathputhi
Statement of responsibility, etc. by Jagannath Mahanta
250 ## - EDITION STATEMENT
Edition statement 1st ed.
260 ## - PUBLICATION, DISTRIBUTION, ETC.
Place of publication, distribution, etc. Guwahati:
Name of publisher, distributor, etc. Bhabani,
Date of publication, distribution, etc. 2012.
300 ## - PHYSICAL DESCRIPTION
Extent xiv, 386p.
653 ## - INDEX TERM--UNCONTROLLED
Uncontrolled term General customs
653 ## - INDEX TERM--UNCONTROLLED
Uncontrolled term Satriya nrittya
653 ## - INDEX TERM--UNCONTROLLED
Uncontrolled term Satriya dance
942 ## - ADDED ENTRY ELEMENTS (KOHA)
Koha item type Books
Holdings
Withdrawn status Lost status Damaged status Not for loan Home library Current library Shelving location Date acquired Total checkouts Full call number Barcode Date last seen Date last checked out Copy number Price effective from Koha item type
        Naharkatiya College Library Naharkatiya College Library General stacks 09/19/2020 1 394.3 | MAH 21834 09/15/2023 09/02/2023 1 09/19/2020 Books